| 000 | 00381 a2200109 4500 | ||
|---|---|---|---|
| 001 | ART_42408 | ||
| 005 | 20260410161755.0 | ||
| 008 | 260409a | ||
| 245 | 1 | 0 | _aImpuestos sobre los ingresos brutos en la Provincia de Buenos Aires. Ventas a "consumidores finales" |
| 100 | 1 | _aGarcía, Fernando D. | |
| 773 | 0 |
_tDoctrina tributaria _g- Nº 362 (may. 2010) _wREV4296 |
|
| 999 |
_c20074 _d20074 |
||